000
00268nam a2200097Ia 4500
001
761440
005
20250826165207.0
008
250824s9999 xx 000 0 und d
245
0
_a
PANİK YOK OKULDAYIZ
_c
YASEMİN DERYA AKA-C.J.GRANT
260
_b
ÇOCUK GEZEGENİ YAYINLARI
999
_c
761440
_d
761440